Countries With the Most Annual Deaths - Statistics

General Stats
  • This quiz has been taken 13 times
  • The average score is 16 of 20
Answer Stats
Annual Death Count Country % Correct
11.7 Million China
100%
11.7 Million India
100%
2.41 Million Russia
100%
3.47 Million United States
100%
1.8 Million Brazil
92%
1.01 Million Germany
92%
2.2 Million Indonesia
92%
1.11 Million Mexico
92%
745 Thousand Ukraine
92%
698 Thousand Democratic Republic of the Congo
85%
712 Thousand Egypt
85%
1.72 Million Pakistan
85%
1.82 Million Nigeria
77%
737 Thousand Ethiopia
69%
1.44 Million Japan
69%
880 Thousand Philippines
69%
701 Thousand Vietnam
69%
1.1 Million Bangladesh
62%
699 Thousand Italy
46%
734 Thousand South Africa
46%
No matching quizzes found
Score Distribution
Percent of People with Each Score
Percentile by Number Answered
Your Score History
You have not taken this quiz